| 000 | 00528nam a22001817a 4500 | ||
|---|---|---|---|
| 005 | 20151023112150.0 | ||
| 010 | _aENG-113949 | ||
| 020 |
_c250.00 _a9789350450895 |
||
| 035 | _aEN-97481 | ||
| 037 |
_bDBAD/PUB _adpl |
||
| 082 | _aS | ||
| 100 | _aVijay Prakash Singh | ||
| 245 |
_aA day in the life of Ghulam Sarwar and other stories / _cby Vijay Prakash Singh |
||
| 260 |
_aCalcutta _bWriters Workshop _c2014 |
||
| 270 |
_a162/92, Lake Garden, _bCalcutta _e700045 |
||
| 300 |
_a104p. _c22cm(Hb) |
||
| 942 |
_2ddc _cEN _mVIJ _hS |
||
| 999 |
_c96534 _d96534 |
||